000
00228nam a2200097Ia 4500
008
240331s9999 xx 000 0 und d
082
_b
RAN
100
_a
Ranasinghe,A
245
0
_a
Against eternity and darkness :
_b
poems
942
_c
L
999
_c
3346
_d
3346